000 00598cam a22002053a 4500
001 44732
003 PGUSA
005 20140828084024.0
008 140123s2014||||xxu|||||s|||||000 | eng d
040 _aPGUSA
_beng
042 _adc
100 1 _aGilman, Elizabeth Hale
245 1 4 _aThe Library of Work and Play :
_bHousekeeping
_h[electronic resource] /
_cElizabeth Hale Gilman
260 _bProject Gutenberg,
_c2014
506 _aPublic domain in the USA.
516 _aElectronic text
830 0 _aProject Gutenberg
_v44732
856 4 0 _uhttp://www.gutenberg.org/ebooks/44732
942 _cEB
999 _c273983
_d273983